Luca /
Další případ z krimisérie francouzského autora. Franck Sharko a Lucie Hennebellová se tentokrát potýkají s několika zlověstnými událostmi, které nějak souvisí s moderními technologiemi.
Uloženo v:
| Série: | Komisař Sharko,
část 9 |
|---|---|
| Hlavní autor: | |
| Další autoři: | |
| Médium: | E-kniha |
| Jazyk: | Czech |
| Vydáno: |
V Praze :
XYZ,
2024
|
| Vydání: | První vydání |
| Témata: | |
| Příbuzné jednotky: | Z cyklu::
Komisař Sharko |
| Tagy: |
Žádné tagy |
| LEADER | 02689nam a2200493 i 4500 | ||
|---|---|---|---|
| 001 | 312490 | ||
| 003 | CZ PrSKC | ||
| 005 | 20260601215723.0 | ||
| 007 | ta | ||
| 008 | 240829s2024 xr g 000 f cze | ||
| 015 | |a cnb003627801 | ||
| 020 | |a 9788076836006 |q (vázáno) : |c Kč 549,00 | ||
| 035 | |a (OCoLC)1468021889 | ||
| 040 | |a ABG001 |b cze |e rda | ||
| 041 | 1 | |a cze |h fre | |
| 072 | 7 | |a 821.133.1-3 |x Francouzská próza, francouzsky psaná |2 Konspekt | |
| 080 | |a 821.133.1-31 |2 MRF | ||
| 080 | |a (0:82-312.4) |2 MRF | ||
| 100 | 1 | |a Thilliez, Franck, |d 1973- |7 xx0097934 |4 aut | |
| 240 | 1 | 0 | |a Luca. |l Česky |
| 245 | 1 | 0 | |a Luca / |c Franck Thilliez ; překlad Jiří Žák |
| 250 | |a První vydání | ||
| 264 | 1 | |a V Praze : |b XYZ, |c 2024 | |
| 300 | |a 533 stran ; |c 22 cm | ||
| 336 | |a text |b txt |2 rdacontent | ||
| 337 | |a bez média |b n |2 rdamedia | ||
| 338 | |a svazek |b nc |2 rdacarrier | ||
| 500 | |a Přeloženo z francouzštiny | ||
| 520 | 2 | |a Další případ z krimisérie francouzského autora. Franck Sharko a Lucie Hennebellová se tentokrát potýkají s několika zlověstnými událostmi, které nějak souvisí s moderními technologiemi. |b Moderní technologie jsou všude... a děs jim jde v patách jako stín. Sharkův tým se potýká se zlověstnými událostmi. Těhotná mladá žena, která za vysokou cenu pronajala svou dělohu bezdětnému páru, hned po svém příjezdu do hotelu zmizí z pokoje. Na dně jámy vykopané v lese je nalezeno zohavené tělo. Policii uniká muž, který zná den i hodinu své smrti. A nakonec přijde dopis, zlověstný manifest zkázy. Franck Sharko a Lucie Hennebellová se pouštějí do temného závodu. Hodiny tikají, peklo právě přichází. Nakladatelská anotace. | |
| 546 | |a Český text | ||
| 655 | 7 | |a francouzské romány |7 fd132289 |2 czenas | |
| 655 | 7 | |a detektivní romány |7 fd132010 |2 czenas | |
| 655 | 7 | |a thrillery (romány) |7 fd184206 |2 czenas | |
| 655 | 9 | |a French fiction |2 eczenas | |
| 655 | 9 | |a detective novels |2 eczenas | |
| 655 | 9 | |a thrillers (novels) |2 eczenas | |
| 700 | 1 | |a Žák, Jiří, |d 1946-2024 |7 jk01152981 |4 trl | |
| 787 | 0 | 8 | |i Z cyklu: |t Komisař Sharko |g 9 |
| 900 | |a ABA001 |b 20 | ||
| 928 | 9 | |a Albatros Media - XYZ | |
| 044 | |a xr | ||
| 910 | |a RBIT002 | ||
| 998 | |d 413936 |a https://core.palmknihy.cz/api/books/413936/cover?sj268e |b https://core.palmknihy.cz/api/books/413936/cover/400?sj268e |c https://core.palmknihy.cz/api/books/413936/cover/50?sj268e |e 2028-06-06 |g 536 |i 9788076836006 |j https://core.palmknihy.cz/api/books/413936/preview.epub |k https://core.palmknihy.cz/api/books/413936/preview.pdf |l |q 49 |r 1 |s https://www.palmknihy.cz/kniha/413936 |t ebook |y 2024 |z 0 |v Komisař Sharko |w 9 | ||
| 999 | |d 312488 | ||